| 000 | 00717nam a22002417a 4500 | ||
|---|---|---|---|
| 001 | BS2023000255 | ||
| 003 | BR-BrBNA | ||
| 005 | 20250528153359.0 | ||
| 008 | 250528b bl.||||| |||| 00| 0 por d | ||
| 040 |
_aBR-BrBNA _bpor. |
||
| 041 | _apor. | ||
| 072 | _aS86 | ||
| 100 |
_4aut. _aMPDFT, III Concurso literário interno do : |
||
| 100 |
_4aut. _aQuintana, Mario / |
||
| 245 |
_aIII Concurso literário do MPDFT : Ministério Público do Distrito Federal e Territórios - _bPoeta Mario Quintana / |
||
| 260 |
_aBrasília - DF : _bMPDFT, _c2005 |
||
| 300 | _a96p. | ||
| 650 | _aLITERATURA BRASILEIRA | ||
| 650 | _aPOESIA | ||
| 909 |
_a202505 _bMaria Neves |
||
| 942 | _cBK | ||
| 999 |
_c331770 _d331770 |
||